Диагностические и реабилитационные мероприятия по профилактике стрессовых расстройств и суицидов среди сотрудников ГПС МЧС России (Запись № 893144)

Подробности
000 -МАРКЕР
контрольное поле 02104nam0a2200337 4500
001 - ИДЕНТИФИКАТОР ЗАПИСИ
контрольное поле RU\NLR\bibl\460755
005 - ИДЕНТИФИКАТОР ВЕРСИИ
контрольное поле 20260407134243.0
021 ## - НОМЕР ГОСУДАРСТВЕННОЙ РЕГИСТРАЦИИ
Код страны Российская Федерация
Номер 2003-50105
Номер Листа государственной регистраци 2420
035 ## - ДРУГИЕ СИСТЕМНЫЕ НОМЕРА
Идентификатор записи (NLR Aleph) 000454217
100 ## - ДАННЫЕ ОБЩЕЙ ОБРАБОТКИ
Данные общей обработки 20031117d2003 |||y0rusy50 ca
101 0# - ЯЗЫК РЕСУРСА
Язык текста, звукозаписи и т.д. русский
102 ## - СТРАНА ПУБЛИКАЦИИ ИЛИ ПРОИЗВОДСТВА
Страна публикации Российская Федерация
105 ## - ПОЛЕ КОДИРОВАННЫХ ДАННЫХ: ТЕКСТОВЫЕ МАТЕРИАЛЫ, МОНОГРАФИЧЕСКИЕ
Кодированные данные о монографическом текстовом документе a |||||||||
200 1# - ЗАГЛАВИЕ И СВЕДЕНИЯ ОБ ОТВЕТСТВЕННОСТИ
Основное заглавие Диагностические и реабилитационные мероприятия по профилактике стрессовых расстройств и суицидов среди сотрудников ГПС МЧС России
Сведения, относящиеся к заглавию Метод. рекомендации
Первые сведения об ответственности М-во Рос. Федерации по делам гражд. обороны, чрезв. ситуациям и ликвидации последствий стихийн. бедствий. Гл. упр. гос. противопожар. службы, Федер. гос. учреждение "Всерос. НИИ противопожар. обороны"
Последующие сведения об ответственности [К.т.н. М.Н. Поляков и др.]
210 ## - ПУБЛИКАЦИЯ, РАСПРОСТРАНЕНИЕ И ДР.
Место издания, распространения и т.д. М.
Имя издателя, распространителя и т. д. ВНИИПО
Дата издания, распространения и т.д. 2003
215 ## - ФИЗИЧЕСКАЯ ХАРАКТЕРИСТИКА
Специфическое обозначение материала и объем 130 с.
Другие сведения о физической характеристике ил.
Размеры 21
320 ## - ПРИМЕЧАНИЯ О НАЛИЧИИ В ДОКУМЕНТЕ БИБЛИОГРАФИИ / УКАЗАТЕЛЯ
Текст примечания Библиогр.: с. 96-99 (45 назв.)
606 0# - НАИМЕНОВАНИЕ ТЕМЫ КАК ПРЕДМЕТ
Наименование темы Посттравматическое стрессовое расстройство
Формальный подзаголовок Методические пособия
Системный номер авторитетной/нормативной записи 2239047
Идентификатор авторитетной/нормативной записи RU\NLR\auth\661343619
606 0# - НАИМЕНОВАНИЕ ТЕМЫ КАК ПРЕДМЕТ
Наименование темы Специалисты экстремального профиля
Формальный подзаголовок Методические пособия
Тематический подзаголовок Психологические исследования
Системный номер авторитетной/нормативной записи 2305291
Идентификатор авторитетной/нормативной записи RU\NLR\auth\661379962
606 0# - НАИМЕНОВАНИЕ ТЕМЫ КАК ПРЕДМЕТ
Наименование темы Спасатели МЧС
Формальный подзаголовок Методические пособия
Тематический подзаголовок Болезни
-- Профилактика
Системный номер авторитетной/нормативной записи 2316390
Идентификатор авторитетной/нормативной записи RU\NLR\auth\661386013
686 ## - ИНДЕКСЫ ДРУГИХ КЛАССИФИКАЦИЙ
Индекс Ю93-69я78
686 ## - ИНДЕКСЫ ДРУГИХ КЛАССИФИКАЦИЙ
Индекс Ю941.199я78
686 ## - ИНДЕКСЫ ДРУГИХ КЛАССИФИКАЦИЙ
Индекс Р124.69-4я8
702 #1 - ИМЯ ЛИЦА - ВТОРИЧНАЯ ОТВЕТСТВЕННОСТЬ
Начальный элемент ввода Поляков
Часть имени, кроме начального элемента ввода М. Н.
Код отношения Составитель
712 02 - НАИМЕНОВАНИЕ ОРГАНИЗАЦИИ - ВТОРИЧНАЯ ОТВЕТСТВЕННОСТЬ
Код отношения Прочие
Начальный элемент ввода Всероссийский НИИ противопожарной обороны
Системный номер авторитетной/нормативной записи 499810
Идентификатор авторитетной/нормативной записи RU\NLR\AUTH\8810001328
801 #0 - ИСТОЧНИК ЗАПИСИ
Страна Российская Федерация
Организация NLR
Дата составления 20031117
Правила каталогизации PSBO
801 #1 - ИСТОЧНИК ЗАПИСИ
Страна Российская Федерация
Организация NLR
Дата составления 20031117
942 ## - ДОПОЛНИТЕЛЬНЫЕ ЭЛЕМЕНТЫ ЗАПИСИ (АБИС)
Тип экземпляра АБИС Книга
980 ## - КОЛЛЕКЦИЯ
Название коллекции Национальная библиография
Экземпляры
Тип экземпляра Дата поступления Источник поступления Библиотека постоянного хранения Библиотека текущего хранения Место хранения Шифр хранения Штрих-код Статус экземпляра
Книга 17.11.2003 Обязательный экземпляр РНБ (Московский) РНБ (Московский) Русский книжный фонд: издания с 1957 года 2003-3/27661 588444  
Книга 17.11.2003 Обязательный экземпляр РНБ (Московский) РНБ (Московский) Русский книжный фонд: издания с 1957 года 2003-3/27661 588445